|
|
|
|
| LEADER |
01190nam a22003132a 4500 |
| 001 |
000899497 |
| 003 |
CZ BrMZK |
| 005 |
20080916141435.0 |
| 007 |
ta |
| 008 |
080530s1991 xo fr|||||||||||slo d |
| 040 |
|
|
|a BOA001
|b cze
|
| 080 |
9 |
|
|a 681.3.06
|
| 100 |
1 |
|
|a Zajko, Marián,
|d 1950-
|7 jx20051213014
|4 aut
|
| 245 |
1 |
0 |
|a Prostredie vytvárania software /
|c Marián Zajko, Viera Suriová, Ján Lehoťan
|
| 250 |
|
|
|a 1. vyd.
|
| 260 |
|
|
|a Bratislava :
|b Vysoká škola ekonomická,
|c 1991
|
| 300 |
|
|
|a 191 s.
|
| 490 |
1 |
|
|a Vysokoškolské skriptá
|
| 504 |
|
|
|a Obsahuje bibliografii
|
| 550 |
|
|
|a Vydavatel: Vysoká škola ekonomická v Bratislave, Fakulta riadenia
|
| 700 |
1 |
|
|a Suriová, Viera
|4 aut
|
| 700 |
1 |
|
|a Lehoťan, Ján
|4 aut
|
| 710 |
2 |
|
|a Vysoká škola ekonomická v Bratislave.
|b Fakulta riadenia
|7 kn20080305007
|
| 810 |
2 |
|
|a Vysoká škola ekonomická v Bratislave.
|b Fakulta riadenia.
|t Vysokoškolské skriptá
|0 s
|
| 910 |
|
|
|a BOA001
|b 4-0965.722
|
| 964 |
|
|
|a Počítače osobní - vybavení programové - učebnice - školy vysoké
|
| 990 |
|
|
|a BK
|
| 991 |
|
|
|b 200805
|
| 996 |
6 |
|
|b BC-582095
|c 4-0965.722
|l MZK
|r Sklad / do 1 hodiny
|n 0
|w 000899497
|u 000010
|a 1
|e BOA001
|j MZK50
|s P
|